| 000 | 00000nam##2200000za#4500 |
| 001 | 9.570703 |
| 003 | CaOODSP |
| 005 | 20210624182353 |
| 007 | cr ||||||||||| |
| 008 | 150406|2006||||xxc|||||o f|0| 0 eng|d |
| 022 | |a1919-5087 |
| 040 | |aCaOODSP|beng |
| 043 | |an-cn--- |
| 086 | 1 |aFs70-6/2006-043E-PDF |
| 110 | 1 |aCanada. |bDepartment of Fisheries and Oceans. |bPacific Region. |
| 245 | 10|aPre-season run size forecasts for Fraser River sockeye and pink salmon in 2007 |h[electronic resource] |
| 246 | 1 |aPacific region - science advisory report 2006/043 |
| 260 | |aNanaimo - British Columbia : |bFisheries and Oceans Canada. |cFebruary 2007. |
| 300 | |a12p.|bcoloured illus., graphs, map, references, tables |
| 490 | 1 |aCanadian Science Advisory Secretariat science advisory report |x1919-5087|v2006/043, Pacific Region |
| 590 | |a11-15-Supp|b2011-08-22 |
| 775 | 08|tPrévisions d'avant-saison concernant l'importance de la montaison du saumon rouge et du saumon rose du Fraser en 2007 |w(CaOODSP)9.601351 |
| 830 | #0|aScience advisory report (Canadian Science Advisory Secretariat)|x1919-5087|v2006/043, Pacific Region|w(CaOODSP)9.506226 |
| 856 | 40|ahttp://publications.gc.ca|qPDF|s151 KB|uhttps://publications.gc.ca/collections/collection_2011/mpo-dfo/Fs70-6-2006-043-eng.pdf|y2006/043, Pacific Region |